000 00880nam a2200217Ia 4500
999 _c29809
_d29809
003 OSt
005 20210412153425.0
008 160316s2008 xxu||||| |||| 00| 0 eng d
020 _a9798188058753
040 _cNLS
082 _a363.25 PRA
100 _aPrabhakaran T
245 _aModern forensics for crime investigation : Practice and procedure
260 _aKochi
_bLaw Books Centre
_c2008
300 _a504p
365 _b Rs. 460
505 _aContents: • Blood. • DNA Analysis. • Hair Analysis. • Brain Mapping. • Bite Mark & Forensic Odontology. • Fibre. • Narco Analysis. • Fingerprint. • Firearms and Crime. • Digital Evidence. • Footwear and Tire Impression Evidence.
650 _a1.Criminology - Crime - Investigation 2.Crime Investigation - Postmortems
700 _a
_a
942 _2ddc
_cBK